000 00482ntaaa2200193 4500
003 01
005 20251027202042.0
008 0714s1973 ag 01
040 _aAR-BaBN
_bspa
_cAR-BaBN
_eaacr
_dRIC
082 _a251.0100 M83
100 _aMorrow, Thomas M.
_913623
245 _aWorship and preaching
250 _a1 ed.
260 _aLondon :
_bEpworth Press,
_c1963
300 _a103 p
500 _aEstudios sobre la homilética
650 _ahomilética
_91351
942 _cBK
999 _c15316
_d15316